Municipalities of Pepin County, Wisconsin - Statistics

General Stats
  • This quiz has been taken 70 times
  • The average score is 8 of 12
Answers on the Map
Answers color-coded by a green-red scale on the quiz's map according to % correct below.
 
Answer Stats
Answer % Correct
Town of Pepin
100%
Village of Pepin
100%
Town of Stockholm
89%
Village of Stockholm
89%
City of Durand
78%
Town of Durand
78%
Census Designated Place of Arkansaw
44%
Town of Albany
44%
Town of Waterville
44%
Town of Frankfort
33%
Town of Lima
33%
Town of Waubeek
33%
No matching quizzes found
Score Distribution
Percent of People with Each Score
Percentile by Number Answered
Your Score History
You have not taken this quiz